000 00752cam a2200241 a 4500
001 000005640
003 DO-SdBNP
005 20210928093643.0
007 ta
008 761110s 1944 sp 001 i spa
040 _aDO-SdBNP
_bspa
_cBNPHU
082 4 _aBNPHU 866.4
_bF297t
100 1 _aFeijó y Montenegro, Benito Jerónimo,
_d1676-1764.
_915937
245 1 0 _aCartas eruditas /
_cBenito Jerónimo Feijóo.
260 _aMadrid :
_bEspasa-Calpe,
_c1944.
300 _av. ;
_c19 cm.
490 1 _aClásicos castellanos
_v85
500 _aLa biblioteca posee el volumen 4.
650 1 4 _aCartas españolas
_ySIGLO XVIII
_915938
650 1 4 _aLiteratura española
_ySIGLO XVIII
_915939
830 0 _aClásicos Castellanos ;
_v85.
_94180
942 _2ddc
_cLBS1
999 _c5439
_d5439